The history of malaria in Cambodia/ (Record no. 3334)

MARC details
000 -LEADER
fixed length control field 01422nam a22002057a 4500
001 - CONTROL NUMBER
control field 3334
003 - CONTROL NUMBER IDENTIFIER
control field FISKH
005 - DATE AND TIME OF LATEST TRANSACTION
control field 20240228153523.0
008 - FIXED-LENGTH DATA ELEMENTS--GENERAL INFORMATION
fixed length control field 240228b cb ||||| |||| 00| 0 eng d
040 ## - CATALOGING SOURCE
Original cataloging agency FISKH
Language of cataloging eng
Transcribing agency FISKH
Modifying agency FISKH
082 ## - DEWEY DECIMAL CLASSIFICATION NUMBER
Classification number 959.6
100 ## - MAIN ENTRY--PERSONAL NAME
Personal name Socheat, Duong
245 ## - TITLE STATEMENT
Title The history of malaria in Cambodia/
Statement of responsibility, etc. Duong Socheat
260 ## - PUBLICATION, DISTRIBUTION, ETC.
Place of publication, distribution, etc. Phnom Penh :
Name of publisher, distributor, etc. Ministry of Information,
Date of publication, distribution, etc. 2012.
300 ## - PHYSICAL DESCRIPTION
Extent 232 pages :
Other physical details color illustrations ; map ;
Dimensions 25 cm
520 ## - SUMMARY, ETC.
Summary, etc. Malaria has been one of the major killer diseases in Cambodia and the Royal Government of Cambodia have not only committed key resources to control the scourge but also launched a long term strategic plan to eliminate malaria in the country by 2025. To collect all the relevant information and documents from different sources from around the year 1951 until May 2011 and compile in the form of a book in order to present this as a significant malaria document for the future generations of the country and especially to those individuals and organization that would be interested in learning about challenge posed by the disease and how the diseases burden has been overcome through a national program that involved from an emergency mission mode program through control and sustained control to an ambitious elimination program.
650 ## - SUBJECT ADDED ENTRY--TOPICAL TERM
Topical term or geographic name entry element Malaria
General subdivision Cambodia
Chronological subdivision Malaria 1951-2011
Geographic subdivision History
942 ## - ADDED ENTRY ELEMENTS (KOHA)
Source of classification or shelving scheme Dewey Decimal Classification
Koha item type Books
Suppress in OPAC No
Holdings
Withdrawn status Lost status Source of classification or shelving scheme Damaged status Not for loan Collection Home library Current library Shelving location Date acquired Total Checkouts Full call number Barcode Date last seen Price effective from Koha item type
    Dewey Decimal Classification     Non-Fiction Footprints International School Library Network Toul Kork Campus Footprints International School Library Network Toul Kork Campus   02/28/2024   SOC 959.6 FISSE03390 02/28/2024 02/28/2024 Books